000 02276nam a22001817a 4500
999 _c12897
_d12897
008 190204b ||||| |||| 00| 0 eng d
082 _22018
_aUT 1114
_bM99
100 _aMuyo, Raignheld Gale H.
_936501
245 _aWaste management practices of Senior High School Students in UM Digos College /
_cRaignheld Gale H. Muto, Czarina Anne B. Miano, and Roel M. Taño
260 _aDigos City:
_bUMDC
_cNovember 2018.
300 _a65 pages;
_c30 cm.
520 _aMuyo, R.G., Miano, C.A., & Taño, R. (November 2018). Waste Management Practices of Senior High School Students in UM Digos College. Digos City: University of Mindanao. The study aimed to know the waste management practices of Senior High School students in UM Digos College. Specifically, the study sought to describe the level of waste management practices and determine if there is a significant difference in waste management practices between sex, strand and grade level among the respondents. The study used a quantitative non-experimental research design. The one hundred sixty (160) senior high school students were determined using the stratified damping technique. The frequency distribution, mean, t-test and anova were used as a statistical tool to determine the number of male and female participants, their strand and grade level number and to measure the level of waste management practices as well as to determine correlation between waste management practices and their sex, strand and grade level. A survey questionnaire was used as an instrument of the study. The result showed that the waste management practices of the senior high school students in UM Digos College was moderate with a mean of 3.25. Thus, based on the findings, it can be concluded that the respondents manifested the waste management practices sometimes and that there is no significant difference in waste management practices between sex, strand and grade level. Keywords: Waste Management, Practices, Quantitative, Senior High School Students Locator: UT 1114/M99/2018
650 _aEducation
_vBiological Science
_xUndergraduate thesis.
_936502
700 _aMuyo, Raignheld Gale H.
_936503
700 _aMiano, Czarina Anne B.
_936504
700 _aTaño, Roel M.
_936505
942 _2ddc
_cUT